[Event "Catalunya-ch U10/20"]
[Site "Salou"]
[Date "2020.09.10"]
[Round "8"]
[White "Rodriguez Gonzalez, Gerard"]
[Black "Romeu Viladot, Emili"]
[Result "1-0"]
[WhiteElo "1714"]
[BlackElo "1677"]
[PlyCount "29"]
[EventDate "2020.09.05"]
[EventType "swiss"]
[EventRounds "8"]
[EventCountry "ESP"]
[SourceTitle "EXT 2023"]
[Source "ChessBase"]
[SourceDate "2022.10.05"]
[SourceVersion "1"]
[SourceVersionDate "2022.10.05"]
[SourceQuality "1"]

1. e4 c5 2. Nc3 d6 3. g3 g6 4. Bg2 Bg7 5. d3 Nc6 6. Be3 e6 7. Qd2 Rb8 8. Nge2 Nd4 9. Nc1 b5 10. 0-0 b4 11. Nd1 Ba6 12. c3 bxc3 13. bxc3 Nc6 14. f4 Nge7 15. f5 1-0

[Event "Catalunya-ch U10/20"]
[Site "Salou"]
[Date "2020.09.06"]
[Round "3"]
[White "Rodriguez Gonzalez, Gerard"]
[Black "Garcia Caro, Juan Alber"]
[Result "1-0"]
[WhiteElo "1714"]
[BlackElo "1933"]
[PlyCount "85"]
[EventDate "2020.09.05"]
[EventType "swiss"]
[EventRounds "8"]
[EventCountry "ESP"]
[SourceTitle "EXT 2023"]
[Source "ChessBase"]
[SourceDate "2022.10.05"]
[SourceVersion "1"]
[SourceVersionDate "2022.10.05"]
[SourceQuality "1"]

1. e4 c5 2. Nc3 e6 3. g3 Nc6 4. Bg2 g6 5. d3 Bg7 6. Be3 Nd4 7. Qd2 Rb8 8. Nd1 d6 9. c3 Nc6 10. Ne2 Bd7 11. 0-0 Nge7 12. d4 cxd4 13. Nxd4 Ne5 14. Bh6 0-0 15. Bxg7 Kxg7 16. Ne3 f5 17. exf5 gxf5 18. Rad1 N5g6 19. Ne2 Nc8 20. Rfe1 f4 21. gxf4 Nxf4 22. Nxf4 Rxf4 23. Nf1 Rg4 24. Ng3 Kh8 25. Re4 Rg7 26. Qh6 Rg6 27. Qh5 Qg8 28. Bh3 d5 29. Qe5+ Qg7 30. Qxb8 dxe4 31. Qxb7 Nb6 32. Qxa7 Nd5 33. c4 Nf6 34. b4 h5 35. Qb8+ Ng8 36. Qf4 e5 37. Qh4 Bxh3 38. Qxh3 Nf6 39. Kf1 Qh6 40. Qf5 Rg5 41. Qe6 h4 42. Nf5 Qh7 43. Qxf6+ 1-0

[Event "Llinars del Valles op-B 13th"]
[Site "Llinars del Valles"]
[Date "2019.05.04"]
[Round "4"]
[White "Lara Cabrera, Toni"]
[Black "Rodriguez Gonzalez, Gerard"]
[Result "0-1"]
[WhiteElo "1678"]
[BlackElo "1452"]
[PlyCount "110"]
[EventDate "2019.03.30"]
[EventType "swiss"]
[EventRounds "8"]
[EventCountry "ESP"]
[SourceTitle "EXT 2020"]
[Source "ChessBase"]
[SourceDate "2019.10.17"]
[SourceVersion "1"]
[SourceVersionDate "2019.10.17"]
[SourceQuality "1"]

1. d4 Nf6 2. c4 g6 3. Nc3 Bg7 4. e4 d6 5. f4 0-0 6. Nf3 c6 7. Bd3 d5 8. e5 Ne8 9. cxd5 cxd5 10. 0-0 Nc7 11. Be3 Nc6 12. Rc1 f6 13. Qb3 Bh6 14. a3 fxe5 15. Nxe5 Nxe5 16. dxe5 Be6 17. Qa4 d4 18. Bxd4 Bxf4 19. Rcd1 Qd7 20. Qxd7 Bxd7 21. Bc4+ Be6 22. Bd3 Rad8 23. Bxa7 Bxe5 24. Be4 Rxf1+ 25. Rxf1 Rd2 26. Rf2 Rd7 27. Re2 Bc4 28. Re1 Ne6 29. Bb6 Rd6 30. Ba5 Bd4+ 31. Kh1 b6 32. Bb4 Nc5 33. Bc2 Rf6 34. Bxc5 bxc5 35. h3 Rf2 36. Be4 Rxb2 37. Bd5+ Bxd5 38. Nxd5 e5 39. Ne7+ Kf7 40. Nc6 Ra2 41. Nxe5+ Kg7 42. Nc6 Rxa3 43. Nxd4 cxd4 44. Rd1 d3 45. g3 Kf6 46. Kg2 Ke5 47. Kf3 d2+ 48. Kf2 Rd3 49. h4 Kd4 50. Ke2 Kc3 51. Ra1 Rd7 52. g4 Kc2 53. Ra2+ Kc1 54. Ra1+ Kb2 55. Rd1 Kc2 0-1

[Event "Llinars del Valles op-B 12th"]
[Site "Llinars del Valles"]
[Date "2018.04.14"]
[Round "1.46"]
[White "Rodriguez Gonzalez, Gerard"]
[Black "Doblado Garcia, Asier"]
[Result "1-0"]
[WhiteElo "1378"]
[BlackElo "1078"]
[PlyCount "125"]
[EventDate "2018.04.14"]
[EventType "swiss"]
[EventRounds "8"]
[EventCountry "ESP"]
[SourceTitle "CBM 184 Extra"]
[Source "ChessBase"]
[SourceDate "2018.06.28"]
[SourceVersion "1"]
[SourceVersionDate "2018.06.28"]
[SourceQuality "1"]

1. e4 c5 2. Nf3 d6 3. d4 cxd4 4. Nxd4 Nf6 5. Nc3 g6 6. Nb3 Nc6 7. Bc4 Bg7 8. 0-0 0-0 9. Re1 Bd7 10. Nd5 Ne5 11. Bf1 Rc8 12. c3 Ne8 13. Bg5 f6 14. Bh4 e6 15. Ne3 Ba4 16. f4 Nc6 17. Bc4 Nc7 18. Qg4 d5 19. Rad1 b5 20. exd5 bxc4 21. dxc6 Qe8 22. Nxc4 Qxc6 23. Ne3 Qb6 24. Bf2 Qb7 25. Qf3 Qxf3 26. gxf3 Bh6 27. Rd4 Bc6 28. Kg2 Rcd8 29. Ng4 Bg7 30. Rc4 Rd6 31. Bc5 Bb5 32. Bxd6 Bxc4 33. Bxc7 Rc8 34. Bd6 Rc6 35. Na5 Rxd6 36. Nxc4 Ra6 37. a3 Rc6 38. Nce3 Rb6 39. Re2 Kf7 40. Rd2 Rb7 41. Nc4 Ke7 42. Kf2 f5 43. Nge5 Bh6 44. Kg3 Kf6 45. Nd6 Re7 46. Nc6 Bxf4+ 47. Kxf4 e5+ 48. Kg3 Re6 49. Nxa7 e4 50. fxe4 fxe4 51. Nac8 Kg5 52. Re2 Rf6 53. Nxe4+ Kf5 54. Nxf6 Kxf6 55. a4 Kg5 56. a5 h5 57. a6 h4+ 58. Kf2 Kg4 59. a7 g5 60. a8Q h3 61. Qf3+ Kh4 62. Re4+ g4 63. Qxg4# 1-0

[Event "Foment Martinenc op-B 19st"]
[Site "Barcelona"]
[Date "2017.05.20"]
[Round "5.6"]
[White "Rodriguez Gonzalez, Gerard"]
[Black "Moya Nunez, Salvador"]
[Result "0-1"]
[WhiteElo "1371"]
[BlackElo "1598"]
[PlyCount "80"]
[EventDate "2017.04.22"]
[EventType "swiss"]
[EventRounds "9"]
[EventCountry "ESP"]
[SourceTitle "EXT 2024"]
[Source "ChessBase"]
[SourceDate "2023.10.10"]
[SourceVersion "1"]
[SourceVersionDate "2023.10.10"]
[SourceQuality "1"]

1. e4 c5 2. Nf3 e6 3. c4 Nc6 4. Nc3 a6 5. b3 Qc7 6. Bb2 Nf6 7. Bd3 Be7 8. 0-0 0-0 9. Bc2 d6 10. Re1 Ne5 11. d4 Nxf3+ 12. gxf3 cxd4 13. Qxd4 Rd8 14. Qe3 Bd7 15. Kh1 Bc6 16. Rad1 b5 17. Ne2 bxc4 18. bxc4 Rab8 19. Bc3 a5 20. Qg5 Ne8 21. Qg4 Nf6 22. Qg3 e5 23. Rg1 Nh5 24. Qg4 Bd7 25. Qxh5 Qxc4 26. Bb3 Rxb3 27. axb3 Qxe2 28. Bxa5 Ra8 29. b4 Qxf2 30. Rdf1 Qe3 31. Rg2 g6 32. Rfg1 Kh8 33. Re2 Qxe2 34. Qh6 Qxf3+ 35. Rg2 Bh3 36. Qxh3 Qf1+ 37. Rg1 Qxh3 38. Bb6 Ra2 39. Bf2 Rxf2 40. Rxg6 Qxh2# 0-1

[Event "Foment Martinenc op-B 19st"]
[Site "Barcelona"]
[Date "2017.05.06"]
[Round "3.4"]
[White "Rodriguez Gonzalez, Gerard"]
[Black "Pla Carulla, Joaquim"]
[Result "0-1"]
[WhiteElo "1371"]
[BlackElo "1770"]
[PlyCount "80"]
[EventDate "2017.04.22"]
[EventType "swiss"]
[EventRounds "9"]
[EventCountry "ESP"]
[SourceTitle "EXT 2024"]
[Source "ChessBase"]
[SourceDate "2023.10.10"]
[SourceVersion "1"]
[SourceVersionDate "2023.10.10"]
[SourceQuality "1"]

1. e4 d5 2. exd5 Qxd5 3. Nc3 Qd6 4. Nf3 Bg4 5. Be2 Nf6 6. h3 Bh5 7. d4 a6 8. Ne5 Bxe2 9. Nxe2 Nc6 10. Bf4 Qd5 11. Nf3 0-0-0 12. 0-0 h6 13. c3 g5 14. Bh2 h5 15. Qd3 g4 16. Nf4 Qd7 17. Ng5 e6 18. Rad1 Bd6 19. c4 gxh3 20. Ngxh3 Ng4 21. Bg3 h4 22. Bxh4 Rxh4 23. Qg3 Rdh8 24. c5 Bxf4 25. Qxf4 Qd5 26. f3 Nf2 27. Qxh4 Rxh4 28. Nxf2 Rxd4 29. Rc1 Ne5 30. Ne4 f5 31. Nf6 Qd8 32. Nh5 Rd2 33. Nf4 Qd4+ 34. Kh1 Qxf4 35. c6 Qg3 36. cxb7+ Kxb7 37. Rxc7+ Kxc7 38. Rc1+ Kb7 39. Rc7+ Kxc7 40. f4 Qxg2# 0-1